000 00633nam a2200217Ii 4500
003 JO-AjNU
008 230606s9999||||xx |||||||||||||| ||und||
020 _a978-1-292-22385-8
040 _aJO-AjNU
_beng
_erda
_cJO-AjNU
041 _aeng
050 1 4 _aQA76.73.J38.D45.2018
100 3 _aDeitel,paul/Detiel,Harvey,
_eauthor
_9489
245 0 0 _aJava how to programe
250 _a11th ed/ GLOBAL ed
264 3 1 _aNEW JERSEY:PEARSON,2018
300 _a1286p
_bIN cluds index
336 _atext
_btxt
_2rdacontent
337 _aunmediated
_bn
_2rdamedia
338 _avolume
_bnc
_2rdacarrier
650 4 _aJava hiw to program
_9490
999 _aE261
_c261
_d261